Alcohol abuse

Bibliographic Details
Main Author: Ward, Brian R
Format: Book
Published: London : Franklin Watts , 1987
Series:Life Guides
Subjects:

MARC

LEADER 00000cam a2200000 7i4500
001 0000005652
002 000006110
005 20060206.0
020 |a 0863135013 
090 0 0 |a 613   |b WAR 
100 1 |a Ward, Brian R 
245 1 0 |a Alcohol abuse   |c Brian R Ward 
260 |a London :   |b Franklin Watts ,   |c 1987 
300 |a 48p. :   |b ill. ;   |c 25cm. 
490 0 |a Life Guides 
650 0 0 |a Alcohol abuse   |x Juvenile literature 
999 |a 027033   |b BUKU   |c JUNIOR BOOKS   |e PERPUSTAKAAN KOMUNITI CAW KOTA DAMANSARA